Scrabble Tile Values - Statistics

General Stats
  • This quiz has been taken 232 times
  • The average score is 24 of 26
Answer Stats
Picture Answer % Correct
1
96%
1
94%
1
94%
1
93%
1
93%
10
93%
4
93%
4
93%
4
93%
8
93%
5
92%
1
91%
1
91%
1
91%
1
91%
10
91%
2
91%
3
91%
3
90%
4
90%
4
90%
8
90%
2
89%
1
88%
3
88%
3
87%
0
78%
No matching quizzes found
Score Distribution
Percent of People with Each Score
Percentile by Number Answered
Your Score History
You have not taken this quiz